Drapeaux des pays de la Première Guerre Mondiale - Statistiques

Statistiques générales
  • Ce quiz a été pris 61 fois
  • Le résultat moyen est 8 sur 16
Statistiques - réponses
Par images Réponse % Correct
France
100%
Etats Unis
98%
Royaume Uni
66%
Belgique
64%
Serbie
64%
Autriche-Hongrie
62%
Empire Ottoman
57%
Luxembourg
55%
Empire Allemand
51%
Canada
42%
Empire Russe
40%
Empire Italien
32%
Empire Japonais
32%
Grèce
28%
Monténégro
28%
Chine
17%
Aucun quiz correspondant
Distribution des résultats
% des personnes avec chaque résultat
Percentile par nombre de réponses
Votre historique - résultats
Vous n’avez pas pris ce quiz